[Event "Lichtenberger Sommer 2018"]
[Site "?"]
[Date "2018.08.23"]
[Round "6.100"]
[White "Lange, Malina"]
[Black "Ruddat, Jarne"]
[Result "1-0"]
[WhiteElo "1488"]
[BlackElo "1347"]
[PlyCount "93"]
[EventDate "2018.??.??"]
[WhiteTeam "SV Mattnetz Berlin"]
[BlackTeam "SV Rüdersdorf"]

1. e4 c5 2. Nf3 d6 3. d4 cxd4 4. Nxd4 Nf6 5. Nc3 g6 6. Be3 Bg7 7. f3 O-O 8. Bc4
Nc6 9. Qd2 Bd7 10. Nxc6 bxc6 11. Bh6 Qa5 12. Bxg7 Kxg7 13. O-O-O Rab8 14. b3 c5
15. g4 Qa3+ 16. Kb1 Rb4 17. h4 Rfb8 18. Bd3 c4 19. Bxc4 Rxc4 20. h5 Ng8 21.
hxg6 fxg6 22. Rh2 Qc5 23. Nd5 e6 24. Ne3 Rc3 25. Re1 Bc6 26. Kb2 Rxe3 27. Qxe3
Qe5+ 28. Qc3 Qxc3+ 29. Kxc3 Rc8 30. Kb2 Rb8 31. g5 h6 32. gxh6+ Nxh6 33. Reh1
Rh8 34. Rd2 d5 35. exd5 Bxd5 36. Rh4 Nf7 37. Ra4 Bxf3 38. Rxa7 Bh5 39. Rf2 g5
40. Re7 Bg6 41. Rxe6 Rc8 42. c4 Rh8 43. c5 Rc8 44. b4 Rb8 45. Kc3 Ra8 46. c6
Rxa2 47. Rxa2 1-0

[Event "Lichtenberger Sommer 2018"]
[Site "?"]
[Date "2018.08.23"]
[Round "6.101"]
[White "Geist, Wolfgang"]
[Black "Langner, Hans-Rainer"]
[Result "0-1"]
[WhiteElo "1416"]
[BlackElo "1603"]
[PlyCount "96"]
[EventDate "2018.??.??"]
[WhiteTeam "SC Weisse Dame (Berlin)"]
[BlackTeam "TSV Mariendorf"]

1. d4 Nf6 2. Nf3 e6 3. c3 b6 4. g3 Bb7 5. Bg2 d6 6. O-O Nbd7 7. Nbd2 Be7 8. Re1
h5 9. h4 Nh7 10. e4 g5 11. Nxg5 Nxg5 12. hxg5 Bxg5 13. Nf1 h4 14. Bxg5 Qxg5 15.
f4 Qg7 16. Qf3 h3 17. Bh1 O-O-O 18. Nh2 Rdg8 19. Re3 f5 20. Qf2 fxe4 21. Rd1
Nf6 22. Rd2 d5 23. b3 Rf8 24. Kf1 Ba6+ 25. Ke1 Nd7 26. Kd1 c5 27. Kc1 Kb8 28.
g4 cxd4 29. Rxd4 Nc5 30. Qg3 Nd3+ 31. Kd2 Nxf4 32. Bxe4 Qc7 33. Bh1 Bb7 34. Rf3
e5 35. Rdxf4 exf4 36. Qg1 Qe5 37. Qd4 Qg5 38. Kc2 Rh6 39. Rf1 Re6 40. Bf3 Rfe8
41. Kb2 Re2+ 42. Bxe2 Rxe2+ 43. Ka3 Qe7+ 44. b4 Rxh2 45. Qxf4+ Qc7 46. Qxc7+
Kxc7 47. Rf7+ Kb8 48. g5 Rg2 0-1

[Event "Lichtenberger Sommer 2018"]
[Site "?"]
[Date "2018.08.23"]
[Round "6.102"]
[White "Vollmar, Timo"]
[Black "Stark, Steven"]
[Result "1-0"]
[WhiteElo "1477"]
[BlackElo "1439"]
[PlyCount "117"]
[EventDate "2018.??.??"]
[WhiteTeam "BSV 63 Chemie Weißensee"]
[BlackTeam "BSC Rehberge"]

1. e4 d5 2. exd5 Qxd5 3. Nc3 Qe6+ 4. Qe2 Nf6 5. Nf3 c6 6. d4 Na6 7. a3 h6 8.
Bf4 Nh5 9. Bg3 Nxg3 10. hxg3 Nc7 11. Ne4 b6 12. Neg5 Qxe2+ 13. Bxe2 f6 14. Ne4
e6 15. Nfd2 Kf7 16. Bh5+ g6 17. Bf3 Bd7 18. Nc4 Ne8 19. O-O-O Rb8 20. Rh4 Kg7
21. Rdh1 Be7 22. Ned2 Nc7 23. Re1 Nb5 24. Nb3 Rbd8 25. Rhh1 a5 26. Nxb6 Kf7 27.
Nxd7 Rxd7 28. Bxc6 Rxd4 29. Bxb5 Rd5 30. Bc4 Rd6 31. Nxa5 f5 32. Nb3 Kf6 33.
Re3 e5 34. Rd1 Rhd8 35. Rxd6+ Rxd6 36. Rd3 Rb6 37. Nc5 Bxc5 38. f3 Be7 39. b4
Bd6 40. Bd5 h5 41. c4 Be7 42. c5 Rb8 43. c6 Bd6 44. Rc3 Bc7 45. Rb3 g5 46. b5
Ba5 47. a4 Bb6 48. Kc2 f4 49. gxf4 gxf4 50. Rd3 Ke7 51. Be4 Rd8 52. Rxd8 Kxd8
53. Kd3 Kc7 54. Kc4 Kd6 55. Kb4 Bc5+ 56. Ka5 Kc7 57. Ka6 Kd6 58. b6 Be3 59. c7
1-0

[Event "Lichtenberger Sommer 2018"]
[Site "?"]
[Date "2018.08.23"]
[Round "6.103"]
[White "Koerber, Bernhard"]
[Black "Ruddat, Mathias"]
[Result "0-1"]
[WhiteElo "1552"]
[BlackElo "1399"]
[PlyCount "64"]
[EventDate "2018.??.??"]
[WhiteTeam "Lasker Steglitz-Wilmersdorf"]
[BlackTeam "SV Rüdersdorf"]

1. e4 c5 2. Nc3 Nc6 3. f4 d6 4. Nf3 e5 5. fxe5 dxe5 6. Bb5 Bd7 7. Bxc6 Bxc6 8.
d3 Bd6 9. O-O Nf6 10. Bg5 O-O 11. Qe1 Be7 12. Nxe5 Qd4+ 13. Be3 Qxe5 14. Rf5
Qc7 15. Qf2 Ng4 16. Bf4 Nxf2 17. Bxc7 Ng4 18. h3 Rac8 19. Bg3 Nf6 20. Bh4 Bd8
21. Kh1 Nd7 22. Bf2 b6 23. Be3 Nf6 24. Raf1 c4 25. R5f3 Bc7 26. g4 Rce8 27. Ne2
Be5 28. Nd4 Bxd4 29. Bxd4 Nd7 30. h4 Ne5 31. Rg3 cxd3 32. cxd3 Nxd3 0-1

[Event "Lichtenberger Sommer 2018"]
[Site "?"]
[Date "2018.08.23"]
[Round "6.104"]
[White "Dittrich, Hans-Jürgen"]
[Black "Paris, Gerhard"]
[Result "1-0"]
[WhiteElo "1307"]
[BlackElo "1455"]
[PlyCount "93"]
[EventDate "2018.??.??"]
[WhiteTeam "SC Eintracht Berlin"]
[BlackTeam "TSG Oberschöneweide"]

1. d4 Nf6 2. Bf4 d6 3. Nf3 Nbd7 4. Nbd2 c5 5. e3 g6 6. c3 Bg7 7. Bd3 O-O 8. Qe2
a6 9. a4 Qe8 10. h3 e5 11. Bh2 Qe7 12. Bc2 h6 13. dxe5 dxe5 14. e4 b6 15. O-O
a5 16. Nc4 Ba6 17. Bd3 Ne8 18. Ncd2 Bxd3 19. Qxd3 Qd6 20. Qxd6 Nxd6 21. Rad1
Rad8 22. Rfe1 f6 23. Re3 Nb7 24. Nc4 Rf7 25. Red3 f5 26. Nfxe5 fxe4 27. Rxd7
Rfxd7 28. Rxd7 Bf6 29. Rxd8+ Bxd8 30. Nxg6 Kg7 31. Nf4 Kf7 32. Ne2 Ke6 33. g4
Kd5 34. Ne3+ Kc6 35. Bf4 b5 36. axb5+ Kxb5 37. Bxh6 Ka4 38. Nc1 Nd6 39. Bf4 Nb5
40. g5 Nxc3 41. bxc3 Ka3 42. Nd1 a4 43. h4 c4 44. h5 Be7 45. g6 e3 46. Ne2 Ka2
47. g7 1-0

[Event "Lichtenberger Sommer 2018"]
[Site "?"]
[Date "2018.08.23"]
[Round "6.105"]
[White "Motsch, Sebastian"]
[Black "Nguyen, Phuc Nhat"]
[Result "1/2-1/2"]
[WhiteElo "1292"]
[BlackElo "1255"]
[PlyCount "123"]
[EventDate "2018.??.??"]
[WhiteTeam "vereinslos"]
[BlackTeam "SC Zugzwang 95 (Berlin)"]

1. e4 e5 2. Nf3 Nf6 3. Nc3 Nc6 4. Bc4 Bc5 5. O-O d6 6. h3 Nd4 7. a3 a6 8. d3 h6
9. b4 Ba7 10. Bb2 g5 11. Nd5 Nc6 12. Nh2 h5 13. Qf3 Rh6 14. Ne3 g4 15. hxg4
hxg4 16. Nexg4 Rg6 17. Ne3 Be6 18. c3 Bxc4 19. Nxc4 Qd7 20. Ne3 O-O-O 21. Nf5
Ne7 22. d4 Nxf5 23. exf5 Rh6 24. dxe5 Rdh8 25. exf6 Rxh2 26. g3 Rh1+ 27. Qxh1
Rxh1+ 28. Kxh1 Qxf5 29. Kg2 Qxf6 30. Rae1 Kd7 31. Re4 Qf5 32. Rf4 Qd5+ 33. Kg1
Qb3 34. Ba1 c5 35. c4 cxb4 36. Rxf7+ Kc6 37. axb4 Qxg3+ 38. Kh1 Qh4+ 39. Kg2
Qe4+ 40. Rf3 d5 41. cxd5+ Kxd5 42. Rd1+ Kc6 43. Rdd3 b5 44. Bh8 Bb6 45. Kf1
Qxb4 46. Rc3+ Kd5 47. Rf5+ Kd6 48. Rcf3 Qb1+ 49. Ke2 b4 50. Rf6+ Kc5 51. R3f5+
Kc4 52. Rc6+ Kb3 53. Rf3+ Ka4 54. Rxb6 Qc2+ 55. Ke3 a5 56. Rh6 Ka3 57. Kf4+ b3
58. Rhh3 a4 59. Be5 Ka2 60. Re3 Qxf2+ 61. Ke4 Qc2+ 62. Kd4 1/2-1/2

[Event "Lichtenberger Sommer 2018"]
[Site "?"]
[Date "2018.08.24"]
[Round "7.1"]
[White "Stern, René"]
[Black "Berger, Steve"]
[Result "1-0"]
[WhiteElo "2519"]
[BlackElo "2428"]
[PlyCount "67"]
[EventDate "2018.??.??"]
[WhiteTeam "SK König Tegel"]
[BlackTeam "SK König Tegel"]

1. Nf3 c5 2. e3 Nf6 3. d4 e6 4. Bd3 Nc6 5. O-O d5 6. c3 Bd6 7. Nbd2 O-O 8. dxc5
Bxc5 9. b4 Bd6 10. Bb2 Ne5 11. Nxe5 Bxe5 12. Qc2 b6 13. Nf3 Bc7 14. c4 Bb7 15.
cxd5 Rc8 16. Qb1 Qxd5 17. Bxf6 gxf6 18. Rd1 Qh5 19. Be4 Bxe4 20. Qxe4 Rcd8 21.
g3 Rd5 22. Kg2 Rfd8 23. Rdc1 Be5 24. Rab1 R8d7 25. Rc8+ Kg7 26. Rbc1 f5 27. Qc2
Bf6 28. Qc6 b5 29. Rc5 R5d6 30. Qxb5 Qg6 31. R8c7 Rxc7 32. Rxc7 Rb6 33. Qe8
Rxb4 34. Rc8 1-0

[Event "Lichtenberger Sommer 2018"]
[Site "?"]
[Date "2018.08.24"]
[Round "7.2"]
[White "Figura, Atila Gajo"]
[Black "Ahmadinia, Ebrahim"]
[Result "0-1"]
[WhiteElo "2389"]
[BlackElo "2418"]
[PlyCount "98"]
[EventDate "2018.??.??"]
[WhiteTeam "SK Zehlendorf"]
[BlackTeam "SF 1903 Berlin"]

1. c4 e5 2. g3 Nc6 3. Bg2 g6 4. Nc3 Bg7 5. Rb1 a5 6. d3 Nf6 7. e4 d6 8. Nge2
Bg4 9. h3 Bxe2 10. Nxe2 Nd7 11. O-O Nc5 12. Be3 Ne6 13. Nc3 O-O 14. Qd2 Kh8 15.
f4 exf4 16. gxf4 f5 17. Kh2 Ncd4 18. Nb5 c6 19. Nxd4 Nxd4 20. Qf2 Ne6 21. Kh1
Qf6 22. Qg3 Rae8 23. Rf2 a4 24. Rg1 Qe7 25. Re2 Qf7 26. Rf1 Re7 27. h4 Rfe8 28.
e5 Rd7 29. d4 dxe5 30. dxe5 Rd3 31. Qf2 Red8 32. Rc1 Bf8 33. Rd2 Rxd2 34. Bxd2
Bc5 35. Be3 Bxe3 36. Qxe3 Rd4 37. Rf1 Rxc4 38. h5 gxh5 39. Bh3 Rd4 40. Rg1 Rxf4
41. Qa7 Rd4 42. Qa8+ Rd8 43. Qxa4 Nd4 44. Re1 Qe7 45. Qa5 Qh4 46. Qc3 Nf3 47.
e6+ Kg8 48. Qxf3 Qxe1+ 49. Bf1 Qe4 0-1

[Event "Lichtenberger Sommer 2018"]
[Site "?"]
[Date "2018.08.24"]
[Round "7.3"]
[White "Kohler, Thomas"]
[Black "Hacker, Jonas"]
[Result "0-1"]
[WhiteElo "2161"]
[BlackElo "2316"]
[PlyCount "62"]
[EventDate "2018.??.??"]
[WhiteTeam "SC Zitadelle Spandau"]
[BlackTeam "SC Eppingen"]

1. Nf3 d5 2. g3 Bg4 3. Bg2 Nd7 4. c4 e6 5. cxd5 exd5 6. O-O c6 7. d3 Bd6 8. Nc3
Ngf6 9. Be3 O-O 10. Qb3 Bc5 11. Bf4 Nb6 12. Qc2 Bd6 13. Bd2 Re8 14. Rae1 Bf8
15. e4 d4 16. Ne2 Nxe4 17. dxe4 d3 18. Qc1 dxe2 19. Rxe2 Qd3 20. Re3 Qa6 21. h3
Bxf3 22. Bxf3 Qxa2 23. b3 Qa3 24. Qc3 Qc5 25. Qb2 Qa3 26. Qc3 Qc5 27. Qb2 a5
28. Re2 Qb5 29. Rb1 Rad8 30. Bc3 Rd3 31. Kg2 a4 0-1

[Event "Lichtenberger Sommer 2018"]
[Site "?"]
[Date "2018.08.24"]
[Round "7.4"]
[White "Polatel, Ali"]
[Black "Hamann, Carsten"]
[Result "1-0"]
[WhiteElo "2230"]
[BlackElo "2141"]
[PlyCount "163"]
[EventDate "2018.??.??"]
[WhiteTeam "SC Zugzwang 95 (Berlin)"]
[BlackTeam "Preetzer TSV"]

1. d4 Nf6 2. c4 g6 3. Nf3 Bg7 4. Nc3 O-O 5. e4 d6 6. Be2 e5 7. dxe5 dxe5 8.
Qxd8 Rxd8 9. Nd5 Nxd5 10. cxd5 c6 11. Bc4 b5 12. Bb3 Bb7 13. Bg5 Re8 14. Rc1
Rc8 15. Be3 h6 16. O-O Nd7 17. dxc6 Bxc6 18. Rfd1 Nf8 19. Bd5 Bxd5 20. Rxc8
Rxc8 21. Rxd5 a6 22. Ne1 Ne6 23. Rd1 Bf8 24. Kf1 h5 25. f3 f6 26. Ra1 Kf7 27.
a4 bxa4 28. Rxa4 Rc6 29. Nd3 Be7 30. Ra5 Bd8 31. Rxe5 Bc7 32. Rd5 Bxh2 33. Rd7+
Ke8 34. Ra7 Bd6 35. Bd2 Nc5 36. Nb4 Rb6 37. Bc3 Be5 38. Nd5 Rc6 39. Bxe5 fxe5
40. Re7+ Kd8 41. Rxe5 Nd3 42. Rg5 Ke8 43. b4 Kf7 44. Ke2 Nb2 45. Ne3 Na4 46.
Ra5 Nc3+ 47. Kd3 Nb5 48. Nd5 g5 49. Ra1 h4 50. Ke3 Rc2 51. Rg1 Rb2 52. Kd3 Ke6
53. f4 g4 54. Rh1 h3 55. gxh3 gxh3 56. Ke3 Rb3+ 57. Kf2 Nd6 58. Ne3 Nxe4+ 59.
Kf3 Nd2+ 60. Ke2 Ne4 61. Rxh3 Rxb4 62. Rh6+ Kf7 63. Rxa6 Rb2+ 64. Kf3 Nd2+ 65.
Kg4 Ne4 66. Nc4 Rb5 67. Kf3 Rb4 68. Ne5+ Kf8 69. Kg4 Kg7 70. Ra7+ Kf6 71. Ra6+
Kg7 72. Kf5 Ng3+ 73. Kg5 Ne4+ 74. Kg4 Nf6+ 75. Kf5 Nd5 76. Ra7+ Kf8 77. Ra8+
Kg7 78. Ra7+ Kf8 79. Ng6+ Ke8 80. Ne5 Rb6 81. Nc4 Ne7+ 82. Rxe7+ 1-0

[Event "Lichtenberger Sommer 2018"]
[Site "?"]
[Date "2018.08.24"]
[Round "7.5"]
[White "Möller, Dustin"]
[Black "Gullaksen, Eirik"]
[Result "0-1"]
[WhiteElo "2149"]
[BlackElo "2357"]
[PlyCount "114"]
[EventDate "2018.??.??"]
[WhiteTeam "Eckernförder SC"]
[BlackTeam "Bergens Schakklub"]

1. d4 Nf6 2. c4 g6 3. Nc3 Bg7 4. e4 O-O 5. Be2 d6 6. Nf3 Na6 7. O-O e5 8. Be3
Ng4 9. Bg5 Qe8 10. dxe5 dxe5 11. c5 f6 12. Bd2 Nh6 13. Bxa6 bxa6 14. Nd5 Rb8
15. Qc1 Nf7 16. Nxc7 Qc6 17. Nd5 Re8 18. Re1 Rb5 19. b4 Be6 20. a4 Rbb8 21. b5
axb5 22. Nb4 Qc8 23. c6 f5 24. exf5 gxf5 25. Ng5 Nxg5 26. Bxg5 a5 27. c7 Rb6
28. Qc5 Qb7 29. Be3 axb4 30. Qxb6 Qxb6 31. Bxb6 e4 32. Rad1 bxa4 33. Rd8 Kf7
34. Red1 a3 35. Bd4 Bxd4 36. R8xd4 b3 37. Rb4 Rc8 38. Rb7 b2 39. h4 Ke7 40. Kh2
Ba2 41. Kg3 b1=Q 42. Rbxb1 Bxb1 43. Rxb1 Rxc7 44. Kf4 a2 45. Ra1 Rc2 46. Kxf5
Rxf2+ 47. Kxe4 Rxg2 48. Ke5 Rb2 49. Kf5 Rb5+ 50. Kg4 Ra5 51. h5 Kf6 52. Rf1+
Kg7 53. Ra1 Kh6 54. Kf4 Kxh5 55. Rh1+ Kg6 56. Rg1+ Kf6 57. Ra1 h5 0-1

[Event "Lichtenberger Sommer 2018"]
[Site "?"]
[Date "2018.08.24"]
[Round "7.6"]
[White "Teh, Eu Wen Aron"]
[Black "Syre, Christian"]
[Result "1/2-1/2"]
[WhiteElo "2286"]
[BlackElo "2184"]
[PlyCount "99"]
[EventDate "2018.??.??"]
[WhiteTeam "Imperial College Chess Club"]
[BlackTeam "TSG Oberschöneweide"]

1. c4 Nf6 2. Nc3 d6 3. d4 Nbd7 4. e4 e5 5. Nf3 g6 6. Be2 Bg7 7. O-O O-O 8. Re1
c6 9. Bf1 exd4 10. Nxd4 Ng4 11. Qxg4 Bxd4 12. Qg3 Ne5 13. Rd1 Bb6 14. Bg5 f6
15. Be3 Bxe3 16. Qxe3 Qe7 17. Qd4 Nf7 18. Rac1 Re8 19. f3 Be6 20. Ne2 c5 21.
Qd2 a6 22. Nf4 Reb8 23. Nd5 Qd8 24. a4 Bxd5 25. exd5 Qd7 26. a5 Re8 27. Rc3 Re7
28. Rb3 Rae8 29. Rb6 Qc7 30. b4 cxb4 31. Qxb4 Rc8 32. Rb1 Qc5+ 33. Qxc5 Rxc5
34. Rxb7 Rxb7 35. Rxb7 Rxa5 36. Kf2 Kf8 37. Ke3 Ra1 38. Bd3 a5 39. Ra7 Ra2 40.
g3 a4 41. f4 a3 42. Kd4 Rxh2 43. Rxa3 Rg2 44. Be4 Rd2+ 45. Ke3 Rd1 46. Ra7 Rg1
47. Kf2 Rc1 48. Rc7 Rc3 49. g4 g5 50. fxg5 1/2-1/2

[Event "Lichtenberger Sommer 2018"]
[Site "?"]
[Date "2018.08.24"]
[Round "7.7"]
[White "Petersen, Soren Boeck"]
[Black "McGowan, Daniel"]
[Result "1/2-1/2"]
[WhiteElo "2212"]
[BlackElo "2139"]
[PlyCount "73"]
[EventDate "2018.??.??"]
[WhiteTeam "Damhus Skakklub"]
[BlackTeam "SF 1903 Berlin"]

1. e4 e6 2. d4 d5 3. Nd2 c5 4. exd5 exd5 5. Ngf3 Nc6 6. Bb5 Bd6 7. dxc5 Bxc5 8.
O-O Nge7 9. Nb3 Bd6 10. Re1 O-O 11. Bg5 Bg4 12. Bh4 a6 13. Bd3 Qd7 14. Bg3 Bxg3
15. hxg3 Ng6 16. c3 Rad8 17. Be2 Qc8 18. Qd2 Rfe8 19. Rad1 h6 20. Nbd4 Nge5 21.
Nxe5 Nxe5 22. Qf4 Bxe2 23. Rxe2 Ng6 24. Qd2 Qc4 25. b3 Qc8 26. Rxe8+ Rxe8 27.
Nf3 b5 28. Qd4 Re6 29. Rd3 Ne7 30. Qf4 Ng6 31. Qd2 Ne7 32. Nd4 Rd6 33. Nc2 Kh7
34. Ne3 Rc6 35. Nc2 Rd6 36. Ne3 Rc6 37. Nc2 1/2-1/2

[Event "Lichtenberger Sommer 2018"]
[Site "?"]
[Date "2018.08.24"]
[Round "7.8"]
[White "Albrecht, Rainer"]
[Black "Boetzer, Detlef"]
[Result "1/2-1/2"]
[WhiteElo "2083"]
[BlackElo "2218"]
[PlyCount "21"]
[EventDate "2018.??.??"]
[WhiteTeam "SC Kreuzberg"]
[BlackTeam "SC Rotation Pankow"]

1. Nf3 Nf6 2. g3 g6 3. Bg2 Bg7 4. O-O O-O 5. c4 d6 6. Nc3 e5 7. d3 Nc6 8. Rb1
a5 9. a3 h6 10. b4 axb4 11. axb4 1/2-1/2

[Event "Lichtenberger Sommer 2018"]
[Site "?"]
[Date "2018.08.24"]
[Round "7.9"]
[White "Postler, Reinhard"]
[Black "Vogel, Robert"]
[Result "1-0"]
[WhiteElo "2251"]
[BlackElo "2134"]
[PlyCount "67"]
[EventDate "2018.??.??"]
[WhiteTeam "TSG Oberschöneweide"]
[BlackTeam "SG Pang-Rosenheim"]

1. e4 g6 2. d4 Bg7 3. Nc3 d6 4. Nf3 Nf6 5. Be2 O-O 6. O-O Bg4 7. h3 Bxf3 8.
Bxf3 Nc6 9. Be3 e5 10. dxe5 dxe5 11. Ne2 Qe7 12. c3 Rfd8 13. Qc2 Nd7 14. g3 Bf8
15. Nc1 Qf6 16. Qe2 Nb6 17. h4 h6 18. Kg2 Qe6 19. b3 Qd6 20. Qc2 Bg7 21. h5 g5
22. Rd1 Qe6 23. Nd3 Nd7 24. Nc5 Nxc5 25. Bxc5 Bf8 26. Be3 Ba3 27. Be2 Qe7 28.
Rd5 Qf6 29. Rad1 Bd6 30. a4 a5 31. Bc4 b6 32. Qe2 Nb8 33. Bxb6 cxb6 34. Qd3 1-0

[Event "Lichtenberger Sommer 2018"]
[Site "?"]
[Date "2018.08.24"]
[Round "7.10"]
[White "Kapp, Martin"]
[Black "Verbitsky, Jaroslaw"]
[Result "1-0"]
[WhiteElo "2233"]
[BlackElo "1845"]
[PlyCount "73"]
[EventDate "2018.??.??"]
[WhiteTeam "SV Erzgebirge Stollberg"]
[BlackTeam "SV Mattnetz Berlin"]

1. d4 d5 2. c4 e6 3. Nf3 c6 4. Nc3 Nf6 5. e3 Nbd7 6. Qc2 Be7 7. Bd3 dxc4 8.
Bxc4 b5 9. Bd3 Bb7 10. e4 b4 11. Na4 Rc8 12. Be3 Ng4 13. Bf4 c5 14. h3 cxd4 15.
Qe2 Ngf6 16. g4 Qa5 17. b3 Nc5 18. Nxc5 Rxc5 19. Bd2 e5 20. a3 Rc7 21. O-O Nd7
22. axb4 Qb6 23. Bb5 Bc6 24. Bxc6 Rxc6 25. b5 Rc5 26. b4 Qxb5 27. Qxb5 Rxb5 28.
Rxa7 f6 29. Rc1 Bd8 30. g5 Rb6 31. gxf6 gxf6 32. Nh4 Rg8+ 33. Kf1 Rg7 34. Rc8
Rg8 35. Nf5 Rb8 36. Rxb8 Nxb8 37. Nd6+ 1-0

[Event "Lichtenberger Sommer 2018"]
[Site "?"]
[Date "2018.08.24"]
[Round "7.11"]
[White "Simon, Ralf-Axel"]
[Black "Sieglen, Joachim"]
[Result "0-1"]
[WhiteElo "2149"]
[BlackElo "2196"]
[PlyCount "59"]
[EventDate "2018.??.??"]
[WhiteTeam "SK Ricklingen"]
[BlackTeam "SC Untergrombach"]

1. Nf3 d5 2. g3 Nf6 3. Bg2 c6 4. c4 Bg4 5. cxd5 Bxf3 6. Bxf3 cxd5 7. Nc3 e6 8.
d3 Nc6 9. O-O Bb4 10. a3 Be7 11. e4 dxe4 12. dxe4 O-O 13. Be3 Nd7 14. Qe2 Nde5
15. Bg2 Qd3 16. Rad1 Qxe2 17. Nxe2 Nc4 18. Bc1 Rfd8 19. f4 Bc5+ 20. Kh1 Be3 21.
e5 h5 22. Bf3 g6 23. Bxe3 Nxe3 24. Rxd8+ Rxd8 25. Rb1 Rd2 26. b3 Nc2 27. Rb2
Rd1+ 28. Ng1 Rc1 29. Bxc6 bxc6 30. a4 0-1

[Event "Lichtenberger Sommer 2018"]
[Site "?"]
[Date "2018.08.24"]
[Round "7.12"]
[White "Niehaus, Frank"]
[Black "Hesse, Henrik"]
[Result "0-1"]
[WhiteElo "2191"]
[BlackElo "2137"]
[PlyCount "56"]
[EventDate "2018.??.??"]
[WhiteTeam "SK König Tegel"]
[BlackTeam "SV Mattnetz Berlin"]

1. d4 Nf6 2. Bg5 d5 3. Bxf6 gxf6 4. e3 c5 5. c3 Nc6 6. Nd2 e6 7. Ngf3 f5 8. Be2
Bd7 9. O-O c4 10. b3 b5 11. a4 a6 12. axb5 axb5 13. bxc4 bxc4 14. Qc2 Bd6 15.
g3 O-O 16. Nh4 Qg5 17. Ng2 Rfb8 18. Rfb1 Qd8 19. f3 Rxb1+ 20. Rxb1 Ra3 21. Bxc4
Qc7 22. Bb3 Na5 23. Qd3 Nxb3 24. Rxb3 Ra2 25. Rb1 Ba4 26. Ne1 Bxg3 27. hxg3
Qxg3+ 28. Ng2 Bc2 0-1

[Event "Lichtenberger Sommer 2018"]
[Site "?"]
[Date "2018.08.24"]
[Round "7.13"]
[White "Wierzbicki, Jirawat"]
[Black "Stark, Ingo"]
[Result "1-0"]
[WhiteElo "2187"]
[BlackElo "2107"]
[PlyCount "169"]
[EventDate "2018.??.??"]
[WhiteTeam "SK König Tegel"]
[BlackTeam "TSG Oberschöneweide"]

1. e4 c5 2. c3 d5 3. exd5 Qxd5 4. d4 Nf6 5. Nf3 Bg4 6. dxc5 Qxc5 7. h3 Bh5 8.
Na3 a6 9. Be3 Qc7 10. Nc4 Nbd7 11. g4 Bg6 12. g5 Ne4 13. Nh4 Rd8 14. Nxg6 hxg6
15. Qg4 Nd6 16. Bf4 e5 17. Nxe5 Nxe5 18. Bxe5 Qb6 19. Qe2 Be7 20. Bxg7 Rh4 21.
Bg2 Kd7 22. O-O-O Bxg5+ 23. Kb1 Kc8 24. Rd5 Nf5 25. Rxd8+ Bxd8 26. Be5 Bc7 27.
Bxc7 Kxc7 28. Rd1 Qe6 29. Qf3 Nd6 30. Qg3 Qf5+ 31. Ka1 Qf4 32. Qd3 Qe5 33. a3
Rf4 34. Qd2 Qf6 35. Rf1 g5 36. Qe3 Nc4 37. Qc5+ Kb8 38. Re1 Qb6 39. Re8+ Ka7
40. Qxb6+ Kxb6 41. Re7 Nd6 42. Rd7 Rxf2 43. Rxd6+ Kc7 44. Rd5 Rxg2 45. Rf5 Rg3
46. Rxf7+ Kb6 47. Rh7 g4 48. hxg4 Rxg4 49. Rh6+ Kc7 50. Rh5 Rf4 51. Ka2 Kc6 52.
Kb3 b5 53. Rh6+ Kb7 54. Rd6 Rf2 55. Rd4 Kb6 56. a4 Rh2 57. Rd6+ Kb7 58. a5 Rh4
59. Rd4 Rh2 60. Ka3 Rg2 61. b3 Rg3 62. Kb4 Rh3 63. Rd7+ Kb8 64. c4 bxc4 65.
bxc4 Rh5 66. Rd5 Rh6 67. Kc5 Kc7 68. Rg5 Rc6+ 69. Kd5 Rd6+ 70. Ke5 Rh6 71. Kd5
Rd6+ 72. Kc5 Rc6+ 73. Kb4 Rh6 74. Rg7+ Kb8 75. Kc5 Rh5+ 76. Kd6 Rh6+ 77. Kd7
Rh5 78. Rg6 Rxa5 79. Kc6 Rh5 80. Kb6 Kc8 81. Rg8+ Kd7 82. c5 Rh1 83. c6+ Kd6
84. Rd8+ Ke7 85. c7 1-0

[Event "Lichtenberger Sommer 2018"]
[Site "?"]
[Date "2018.08.24"]
[Round "7.14"]
[White "Püschel, Werner"]
[Black "Florstedt, Johannes"]
[Result "0-1"]
[WhiteElo "2034"]
[BlackElo "2306"]
[PlyCount "38"]
[EventDate "2018.??.??"]
[WhiteTeam "Lasker Steglitz-Wilmersdorf"]
[BlackTeam "SF 1903 Berlin"]

1. c4 e5 2. e3 Nf6 3. a3 c6 4. b3 d5 5. Bb2 Bd6 6. Nf3 Qe7 7. Be2 O-O 8. Nc3
Re8 9. cxd5 e4 10. Nd4 cxd5 11. h3 Nc6 12. Nxc6 bxc6 13. b4 a5 14. b5 c5 15. a4
Qe5 16. Qc1 Qg5 17. Bf1 d4 18. Ne2 Nd5 19. exd4 Nb4 0-1

[Event "Lichtenberger Sommer 2018"]
[Site "?"]
[Date "2018.08.24"]
[Round "7.15"]
[White "Kunz, Andre"]
[Black "Böttcher, Patrick"]
[Result "0-1"]
[WhiteElo "2159"]
[BlackElo "2100"]
[PlyCount "98"]
[EventDate "2018.??.??"]
[WhiteTeam "BSV 63 Chemie Weißensee"]
[BlackTeam "SC Zitadelle Spandau"]

1. e4 c5 2. c3 Nf6 3. e5 Nd5 4. d4 cxd4 5. Nf3 e6 6. cxd4 d6 7. Bc4 Nc6 8. Qe2
Be7 9. O-O O-O 10. Nc3 Nxc3 11. bxc3 dxe5 12. dxe5 Qa5 13. Qe4 Qa4 14. Bg5 h6
15. Bxe7 Nxe7 16. Rab1 Rd8 17. Rb4 Qc6 18. Qh4 Qc7 19. Bb3 b6 20. Rc4 Qd7 21.
Rd4 Qc7 22. Rc4 Qd7 23. Rd4 Qc7 24. Rxd8+ Qxd8 25. Qe4 Ba6 26. Rd1 Qc8 27. Bc2
Ng6 28. Qb4 Be2 29. Re1 Bxf3 30. Bxg6 Bd5 31. Be4 Qc6 32. Bxd5 Qxd5 33. c4 Qd4
34. h3 Rc8 35. Qe7 a5 36. Re3 Qxc4 37. Rf3 Rf8 38. Rg3 Qc1+ 39. Kh2 Qf4 40. Kg1
Rc8 41. Qd6 Rc1+ 42. Kh2 Qxf2 43. Qd8+ Kh7 44. Qd3+ g6 45. Rf3 Qg1+ 46. Kg3
Qe1+ 47. Kf4 Rc4+ 48. Qxc4 g5+ 49. Kg4 Qh4# 0-1

[Event "Lichtenberger Sommer 2018"]
[Site "?"]
[Date "2018.08.24"]
[Round "7.16"]
[White "Amelang, Thomas"]
[Black "Deutschbein, Christopher"]
[Result "0-1"]
[WhiteElo "2177"]
[BlackElo "1990"]
[PlyCount "38"]
[EventDate "2018.??.??"]
[WhiteTeam "Münchener SC"]
[BlackTeam "Eckernförder SC"]

1. e4 e5 2. Nf3 Nc6 3. Bb5 a6 4. Ba4 Nf6 5. d3 b5 6. Bb3 Be7 7. c3 O-O 8. O-O
d5 9. exd5 Nxd5 10. Qe2 Bf6 11. Nbd2 Nf4 12. Qe4 Bb7 13. d4 Na5 14. Qe3 Nxb3
15. Nxb3 Qc8 16. h3 Nxh3+ 17. Kh2 Nf4 18. Nxe5 Bxe5 19. dxe5 Qg4 0-1

[Event "Lichtenberger Sommer 2018"]
[Site "?"]
[Date "2018.08.24"]
[Round "7.17"]
[White "Albert, Jörg"]
[Black "Heerde, Thomas"]
[Result "0-1"]
[WhiteElo "2141"]
[BlackElo "2005"]
[PlyCount "66"]
[EventDate "2018.??.??"]
[WhiteTeam "SV Eiche Reichenbrand"]
[BlackTeam "SK Zehlendorf"]

1. d4 Nf6 2. Nf3 c5 3. c3 g6 4. e3 Bg7 5. Bd3 O-O 6. O-O b6 7. Nbd2 Bb7 8. e4
d6 9. Qe2 Nh5 10. Nb3 e5 11. dxe5 dxe5 12. g3 Qc7 13. Ne1 Nd7 14. f3 Rac8 15.
Bc4 Kh8 16. Be3 f5 17. Nd2 Ndf6 18. Bd3 f4 19. Bf2 fxg3 20. hxg3 Rcd8 21. a4
Qd7 22. Kg2 g5 23. Rh1 g4 24. fxg4 Nxg4 25. Ndf3 Nhf6 26. Bg1 Qc6 27. Ng5 Rxd3
28. Nxd3 Nxe4 29. Rxh7+ Kg8 30. Rxg7+ Kxg7 31. Qxe4 Qxe4+ 32. Nxe4 Bxe4+ 33.
Kh3 Nf6 0-1

[Event "Lichtenberger Sommer 2018"]
[Site "?"]
[Date "2018.08.24"]
[Round "7.18"]
[White "Kapr, Klaus"]
[Black "Krefenstein, Sergej"]
[Result "0-1"]
[WhiteElo "1999"]
[BlackElo "2120"]
[PlyCount "82"]
[EventDate "2018.??.??"]
[WhiteTeam "SC Friesen Lichtenberg"]
[BlackTeam "TuS Makkabi Berlin"]

1. e4 c6 2. d4 d5 3. exd5 cxd5 4. c4 Nf6 5. Nc3 e6 6. Nf3 Bb4 7. Qb3 Nc6 8.
cxd5 Nxd5 9. Bb5 O-O 10. O-O Nce7 11. Bg5 Qa5 12. Rac1 a6 13. Bd3 h6 14. Bh4
Nc6 15. Bb1 Bd7 16. a3 Bd6 17. Qc2 f5 18. Bg3 Bxg3 19. hxg3 Nxc3 20. Qxc3 Qxc3
21. Rxc3 Rad8 22. Rd1 Bc8 23. Ba2 Rd6 24. Rcd3 Rfd8 25. Rc1 Kf7 26. Rdc3 Kf6
27. Kf1 g5 28. g4 fxg4 29. Ne5 Bd7 30. Nxg4+ Kg7 31. Ne5 Be8 32. Rb3 b5 33.
Nxc6 Bxc6 34. Rbc3 Be4 35. f3 Bg6 36. Rc6 Kf6 37. d5 e5 38. Rxd6+ Rxd6 39. Rc7
h5 40. Kf2 e4 41. Bb1 e3+ 0-1